Hacia una ética sin principios /
Guardado en:
| Autor principal: | |
|---|---|
| Formato: | Texto |
| Materias: | |
| Etiquetas: |
Agregar Etiqueta
Sin Etiquetas, Sea el primero en etiquetar este registro!
|
MARC
| LEADER | 00000 a a2200000 04500 | ||
|---|---|---|---|
| 001 | 11823 | ||
| 003 | |||
| 040 | |||
| 100 | |a May, Roy H. | ||
| 245 | |a Hacia una ética sin principios / |c Roy H. May | ||
| 650 | |a ETICA | ||
| 650 | |a FILOSOFIA | ||
| 773 | |g número 120; páginas 33-40 | ||
| 999 | |c 22184 |d 22184 | ||
